000 00945nam a22002297a 4500
999 _c14036
_d14036
003 AR-CdUCM
008 190417b ||||| |||| 00| 0 spa d
040 _aMUNICIPALIDAD PROVINCIAL DEL CUSCO
_cBIBLIOTECA MUNICIPAL DEL CUSCO
082 _a633.88 /
_bD96
100 _aDueñas Corrido, Gloria
_932701
245 _aPlantas medicinales peruanas :
_bmanual, cultivando orgánicamente nuestras plantas medicinales /
260 _aCusco :
_bCentro de Estudios Regionales Andinos "Bartolomé de las Casas",
_c2000.
300 _a51 páginas ;
_bIlustraciones,
_c21 cm.
505 _aContenido: Plantas medicinales y aromáticas -- Aprendiendo a producir nuestro propio abono.
650 _aPlantas medicinales
_914338
650 _aCultivo
_919546
650 _aPerú
_935
650 _aManuales
_95970
710 _aCentro de Estudios Regionales Andinos Bartolomé de Las Casas (Cusco)
_93306
942 _2ddc
_cLIBROS
945 _aacv
_d2019-04-17